000
00296nam a2200109Ia 4500
008
220204s9999 xx 000 0 und d
082
_a
943
_b
SHI
100
_a
Shirer, W L
245
0
_a
Rise and fall of the third reich: A history of Nazi Germany
260
_a
New York
_b
Fawcett
_c
1960
942
_c
BK
999
_c
33650
_d
33650